Central Library OPAC University of Rajshahi

মোমেন শাহীর লোক-সাহিত্য / (Record no. 44658)

MARC details
000 -LEADER
fixed length control field 00768nam a2200229 a 4500
001 - CONTROL NUMBER
control field 44658
003 - CONTROL NUMBER IDENTIFIER
rucl marc code BD-RjUL
005 - DATE AND TIME OF LATEST TRANSACTION
control field 20211209053909.0
008 - FIXED-LENGTH DATA ELEMENTS--GENERAL INFORMATION
fixed length control field 160719b19681958bg ||||| |||| 00| 0 ben d
020 ## - INTERNATIONAL STANDARD BOOK NUMBER
Terms of availability : Tk.4.50
035 ## - SYSTEM CONTROL NUMBER
System control number (BD-RjUL)44776
040 ## - CATALOGING SOURCE
Original cataloging agency BD-RjUL
Language of cataloging ben
Transcribing agency BD-RjUL
041 ## - LANGUAGE CODE
Language code of text/sound track or separate title ben
082 ## - DEWEY DECIMAL CLASSIFICATION NUMBER
Edition number 23
Classification number 398.2
Author mark and year IJM 1965
100 ## - MAIN ENTRY--PERSONAL NAME
Personal name ইজদানী, রওশন
9 (RLIN) 136983
245 ## - TITLE STATEMENT
Title মোমেন শাহীর লোক-সাহিত্য /
Statement of responsibility, etc. রওশন ইজদানী
260 ## - PUBLICATION, DISTRIBUTION, ETC. (IMPRINT)
Place of publication, distribution, etc. ঢাকা :
Name of publisher, distributor, etc. বাংলা একাডেমী,
Date of publication, distribution, etc. ১৯৬৮
300 ## - PHYSICAL DESCRIPTION
Pagination [৮], ১৩৮ পৃ.;
Size ২১ সেমি.
650 ## - SUBJECT ADDED ENTRY--TOPICAL TERM
Topical term or geographic name as entry element লোক সাহিত্য
9 (RLIN) 136984
Topical term or geographic name as entry element Flok Literature
9 (RLIN) 136985
942 ## - ADDED ENTRY ELEMENTS (KOHA)
Source of classification or shelving scheme Dewey Decimal Classification
Koha item type Books
Holdings
Lost status Source of classification or shelving scheme Damaged status Not for loan Collection code Permanent Location Current Location Shelving location Date acquired Source of acquisition Cost, normal purchase price Total Checkouts Full call number Date last seen Date checked out Copy number Koha item type
  Dewey Decimal Classification     Non-fiction Central Library, University of Rajshahi Central Library, University of Rajshahi   01/02/1974 Bangla Academy, Dhaka 5.00 1 B 398.2 IJM 1965 20/06/2023 19/06/2023 C-2 Books